000 00598nam a2200217 a 4500
003 AR-BaBNM
005 20251128205139.0
008 082120s2002 ||||||||||||||000 | spa||
040 _cAR-BaBNM
100 1 _aPadilla, Miguel M.
245 0 0 _aLa institución del comisionado parlamentario
_bel "ombudsman"
260 _aBuenos Aires
_bPlus Ultra
_c1972
300 _a107 p.
_btablas
650 4 _aDERECHOS CIVILES Y POLITICOS
650 4 _aADMINISTRACION DE JUSTICIA
650 4 _aBIENESTAR SOCIAL
650 4 _aMEDIADOR
650 4 _aSISTEMAS JURIDICOS
942 _cBK
998 _cmariana
999 _c10184
_d10184